| 000 | 00473pab a2200169 454500 | ||
|---|---|---|---|
| 008 | 180718b2017 xxu||||| |||| 00| 0 eng d | ||
| 100 | _aFreedman, Matthew | ||
| 245 | _aPersistence in industrial policy impacts: evidence from depression-era Mississippi | ||
| 260 | _c2017 | ||
| 300 | _ap.34-51. | ||
| 362 | _aNov | ||
| 650 | _aGender inequality | ||
| 650 | _aLabour markets | ||
| 650 | _aIndustrial policy | ||
| 773 | _aJournal of Urban Economics | ||
| 909 | _a117256 | ||
| 999 |
_c117250 _d117250 |
||